Practical pedology : studying soils in the field

Αποθηκεύτηκε σε:
Λεπτομέρειες βιβλιογραφικής εγγραφής
Κύριος συγγραφέας: McRae, S. G. (Stuart Gordon)
Μορφή: Βιβλίο
Γλώσσα:English
Δημοσίευση: Chichester : John Wiley and Sons, 1988
Σειρά:Ellis Horwood series in soil science
Θέματα:
Ετικέτες: Προσθήκη ετικέτας
Δεν υπάρχουν, Καταχωρήστε ετικέτα πρώτοι!

MARC

LEADER 00000pam a2200000 i 4500
001 1/63587
008 930924s1988 eng d
020 |a 0-85312-918-5 
035 |l 10001235 
040 |a GR-MY-UA  |b gre  |e aacr 
041 0 |a eng 
082 0 |a 631.4 
100 1 |a McRae, S. G.  |q (Stuart Gordon) 
245 1 0 |a Practical pedology :  |b studying soils in the field /  |c Stuart G. McRae 
260 |a Chichester :   |b John Wiley and Sons,   |c 1988 
300 |a 253 p.;  |b ill.;  |c 25 cm 
490 1 |a Ellis Horwood series in soil science 
504 |a Bibliography: p. [240]-246. Includes index 
650 0 0 |a Soil science  |x Handbooks, manuals, etc. 
650 0 0 |a Soils  |x Handbooks, manuals, etc. 
830 0 |a Ellis Horwood series in soil science 
852 |a INST  |b LESVOS  |e 19930924  |h 631.4 MCR  |p 005100006082  |q 005100006082  |t BK  |y 0 
909 |a Λ  |b 025895